banner-ar

MACRO ECONOMICS FOR MANAGERS / (Record no. 21208)

MARC details
000 -الفاتح
حقل البيانات ثابتة الطول 00463nam a2200181Ia 4500
008 - عناصر البيانات ثابتة الطول - معلومات عامة
حقل البيانات ثابتة الطول 140319s9999 xx 000 0 eng d
040 ## - مصدر الفهرسة
وكالة الفهرسة الأصلية GCL /
وكالة النسخ GCL
082 04 - رقم تصنيف ديوى العشرى
رقم التصنيف 339
رقم المادة CM
100 1# - المدخل الرئيسى - إسم شخصى
الإسم الشخصى WILSON, J.H.
245 10 - بيان العنوان
العنوان MACRO ECONOMICS FOR MANAGERS /
بيان المسئوليه,etc WILSON, J.H.
700 1# - المدخل الاضافى - اسم شخصى
الإسم الشخصى YOUND, DONOVAN
700 1# - المدخل الاضافى - اسم شخصى
الإسم الشخصى THIES, CGIFFORD IF.
260 ## - PUBLICATION, DISTRIBUTION, ETC. (IMPRINT)
تاريخ النشر أو التوزيع 1990
300 ## - الوصف المادى
التعداد 470 P
650 04 - المدخل الاضافى بالموضوع-مصطلح موضوعى
مصطلح موضوعي MACROECONOMICS
942 ## - عناصر المدخل الإضافي( كوها)
مصدر التصنيف او مخطط الترفيف Dewey Decimal Classification
Koha [default] item type كتاب
260 ## - PUBLICATION, DISTRIBUTION, ETC. (IMPRINT)
-- [S.N] :
-- ALLYN AND BACON ،
Holdings
حالة التراجع حالة الفقد حالة تلف ليس للاعارة المكان المؤقت الموقع الحالى تاريخ الاكتساب اجمالي اﻻعارات رقم الطلب الباركود تاريخ اخر مشاهدة تاريخ تفعيل السعر نوع وعاء كوها
        مكتبة القاهرة الكبرى مكتبة القاهرة الكبرى 03/26/2014   339\CM 39332 03/26/2014 03/26/2014 كتاب

Powered By

EGPV